000 00600nam a22001817a 4500
003 UA-OsUOA
001 14533
007 ta
008 20031007b un ||||| |||| 00| 0 ukr d
100 _aПрохорова Є.
942 _cSA
040 _aUA-OsUOA
_cUA-OsUOA
_dUA-OsUOA
245 _a"Мішпаха" - сімейний табір [для єврей. родин у ДСОК "Електронік- Рівне"]
300 _aС.7
955 _a0
773 0 _w0
_tВільне слово
_dРівне
_d2003
_g№75/24 верес./
650 7 _aКраєзнавча робота
_2UDC
999 _c300694
_d300694